00634npc a2200181Ia 4500001001300000003001000013008004100023040002500064041000700089100001100096240003500107245009300142250001100235260002700246300001100273500015200284650001600436onu25-46557 IT-MiCISF161014s9999||||xx | und|| aIT-MiCISFcIT-MiCISF aen aAA.VV. aState of World Population 2008 0aState of World Population 2008bReaching Common Ground: Culture, Gender and Human Rights a1a ed. a New YorkbUnfpac2008 app. 99 aUnited Nations Population Fund / popolazione, società, diritti-umani, emancipazione-femminile, pianificazione-familiare, mutilazioni-sessuali /  apopolazione